| 000 | 00809nam a22002057a 4500 | ||
|---|---|---|---|
| 999 |
_c8758 _d8758 |
||
| 003 | AR-CdUCM | ||
| 008 | 190325b ||||| |||| 00| 0 spa d | ||
| 040 |
_aMUNICIPALIDAD PROVINCIAL DEL CUSCO _cBIBLIOTECA MUNICIPAL DEL CUSCO |
||
| 082 |
_a361.985 / _bA4 |
||
| 110 |
_aFondo de las Naciones Unidas para la Infancia _924431 |
||
| 245 |
_aEl ajuste social : _bPerú hacia un desarrollo esencial / |
||
| 260 |
_aLima : _bUNICEF, _c1991. |
||
| 300 |
_a133 páginas ; _c20.5 cm. |
||
| 505 | _aContenido: Los años 90 como contexto de la supervivencia infantil -- Algunas interpretaciones en la reunión ... | ||
| 650 |
_aCambio socio-económico - Perú _924432 |
||
| 650 |
_aPerú - Aspecto económico - Recesión _924433 |
||
| 650 |
_aPerú - Aspecto social _924434 |
||
| 942 |
_2ddc _cLIBROS |
||
| 945 | _alccs | ||